Dynamic enterprise: tools for turning chaos into strategy and strategy into action (Record no. 387799)

000 -LEADER
fixed length control field 00523cam a22001577a 4500
008 - FIXED-LENGTH DATA ELEMENTS--GENERAL INFORMATION
fixed length control field 180718b1998 xxu||||| |||| 00| 0 eng d
020 ## - INTERNATIONAL STANDARD BOOK NUMBER
International Standard Book Number 0787910147
082 ## - DEWEY DECIMAL CLASSIFICATION NUMBER
Classification number I513 F914d
100 ## - MAIN ENTRY--PERSONAL NAME
Personal name Friedman, Lisa
245 ## - TITLE STATEMENT
Title Dynamic enterprise: tools for turning chaos into strategy and strategy into action
Statement of responsibility, etc. by Lisa Friedman and Herman Gyr
260 ## - PUBLICATION, DISTRIBUTION, ETC.
Place of publication, distribution, etc. San Francisco
Name of publisher, distributor, etc. Jossey-Bass
Date of publication, distribution, etc. 1998
300 ## - PHYSICAL DESCRIPTION
Extent 266p.
440 ## - SERIES STATEMENT/ADDED ENTRY--TITLE
Title The Jossey-Bass buiness & management series
650 ## - SUBJECT ADDED ENTRY--TOPICAL TERM
Topical term or geographic name entry element Organizational change
700 ## - ADDED ENTRY--PERSONAL NAME
Personal name Gyr, Herman
Holdings
Withdrawn status Lost status Damaged status Not for loan Permanent Location Current Location Date acquired Full call number Barcode Date last seen Price effective from Koha item type
        Indian Institute of Public Administration Indian Institute of Public Administration 1998-09-03 I513 F914d 73600 2018-07-21 2018-07-21 Book

Powered by Koha